[Event "Campeonato Individual Absoluto de Madrid"]
[Site "Madrid ESP"]
[Date "2025.05.09"]
[Round "5.6"]
[White "Martin Martin, Luis Vicente"]
[Black "Grabuzova, Tatiana"]
[Result "0-1"]
[WhiteElo "1958"]
[BlackElo "2199"]
[PlyCount "70"]
[GameId "2175692769161634"]
[EventDate "2025.05.05"]
[EventType "swiss"]
[EventRounds "7"]
[SourceTitle "Ajedrez en Madrid"]
[Source "lmi"]
[SourceDate "2025.05.05"]
[SourceVersion "1"]
[SourceVersionDate "2025.05.14"]
[SourceQuality "1"]

1. d4 d5 2. Bf4 c5 3. e3 Nc6 4. c3 e6 5. Nf3 Bd6 6. Bg3 Nge7 7. Nbd2 O-O 8. Bd3 cxd4 9. exd4 f6 10. Qe2 e5 11. dxe5 fxe5 12. Nxe5 Nxe5 13. Bxe5 Bxe5 14. Qxe5 Nc6 15. Qh5 g6 16. Qh6 Re8+ 17. Kf1 Ne5 18. Be2 Bf5 19. h4 Qb6 20. Nb3 Nd3 21. Bxd3 Bxd3+ 22. Kg1 Re2 23. Nd4 Qxb2 24. Nxe2 Qxa1+ 25. Kh2 Qxa2 26. Nf4 Qd2 27. Qg5 Be4 28. f3 Bf5 29. h5 Rf8 30. Kg3 Qxc3 31. hxg6 hxg6 32. Nxd5 Qe5+ 33. Nf4 Qf6 34. Qh6 g5 35. Qxf6 gxf4+ 0-1

[Event "Campeonato Individual Absoluto de Madrid"]
[Site "Madrid ESP"]
[Date "2025.05.09"]
[Round "5.7"]
[White "Roquero Redondo, Miguel"]
[Black "Galarreta Santana, Javier"]
[Result "1-0"]
[WhiteElo "2063"]
[BlackElo "1927"]
[PlyCount "113"]
[GameId "2175699879203320"]
[EventDate "2025.05.05"]
[EventType "swiss"]
[EventRounds "7"]
[SourceTitle "Ajedrez en Madrid"]
[Source "lmi"]
[SourceDate "2025.05.05"]
[SourceVersion "1"]
[SourceVersionDate "2025.05.14"]
[SourceQuality "1"]

1. e4 e6 2. d4 d5 3. Nd2 Nf6 4. e5 Nfd7 5. f4 c5 6. c3 Nc6 7. Ndf3 Qb6 8. h4 cxd4 9. cxd4 Bb4+ 10. Kf2 f6 11. Kg3 Nf8 12. Bd3 Bd7 13. Ne2 Na5 14. f5 Bb5 15. Nf4 Bxd3 16. Qxd3 Rd8 17. exf6 gxf6 18. fxe6 Nxe6 19. Qe2 Rg8+ 20. Kh2 Kf7 21. Rf1 Nxd4 22. Nxd4 Qxd4 23. Qh5+ Ke7 24. Qxh7+ Kd6 25. Ng6 Kc6 26. Bf4 Kb5 27. a3 Nb3 28. Rad1 Bd2 29. Qxb7+ Qb6 30. Qxb6+ axb6 31. Bxd2 Rxg6 32. Rf3 Nc5 33. g3 d4 34. h5 Rh8 35. Rf5 Kc4 36. Kg2 Rg4 37. Kf3 Rhg8 38. Rg1 Nb3 39. Bf4 d3 40. Rxf6 Nd4+ 41. Kf2 b5 42. h6 Ne2 43. h7 Rh8 44. Rh1 Rg7 45. Rfh6 Nxf4 46. gxf4 Re7 47. Rc6+ Kb3 48. Rc3+ Kxb2 49. Rxd3 Ra7 50. Kf3 Kc2 51. Re3 Raxh7 52. Rxh7 Rxh7 53. f5 Kd2 54. Re5 Rh3+ 55. Kf4 Rxa3 56. Rxb5 Ra1 57. Rb3 1-0

[Event "Campeonato Individual Absoluto de Madrid"]
[Site "Madrid ESP"]
[Date "2025.05.09"]
[Round "5.8"]
[White "Suarez Uriel, Adrian"]
[Black "Garcia Galeote, Lorenzo"]
[Result "1-0"]
[WhiteElo "2398"]
[BlackElo "1894"]
[PlyCount "107"]
[GameId "2175682580476143"]
[EventDate "2025.05.05"]
[EventType "swiss"]
[EventRounds "7"]
[SourceTitle "Ajedrez en Madrid"]
[Source "lmi"]
[SourceDate "2025.05.05"]
[SourceVersion "1"]
[SourceVersionDate "2025.05.14"]
[SourceQuality "1"]

1. d4 d5 2. c4 e6 3. Nc3 Nf6 4. Nf3 Be7 5. Bf4 O-O 6. e3 c5 7. dxc5 Qa5 8. Nd2 dxc4 9. Nxc4 Qxc5 10. a3 Rd8 11. Qc2 Qf5 12. Qxf5 exf5 13. Na5 Na6 14. Bxa6 bxa6 15. Nc6 Rd7 16. Nxe7+ Rxe7 17. Bg5 Re6 18. Bxf6 Rxf6 19. Nd5 Rd6 20. O-O-O Kf8 21. Nf4 Rc6+ 22. Kb1 Be6 23. Nxe6+ Rxe6 24. Rd7 Ke8 25. Rd5 g6 26. Rc1 Rd8 27. Rcc5 Red6 28. Rxd6 Rxd6 29. Kc2 Kd7 30. b4 Kd8 31. h3 Kd7 32. g4 fxg4 33. hxg4 h6 34. Ra5 Kc7 35. Kc3 Rc6+ 36. Kd4 Rd6+ 37. Ke4 Re6+ 38. Kf4 Rf6+ 39. Kg3 Re6 40. Kf3 Rf6+ 41. Ke2 Re6 42. f4 Kb6 43. Rd5 Kc7 44. Kf3 Rd6 45. Re5 Kd7 46. Ra5 Kc7 47. f5 Rf6 48. Kf4 Rb6 49. e4 Kd7 50. e5 Kc7 51. Rd5 Rb5 52. Rxb5 axb5 53. e6 g5+ 54. Ke5 1-0

[Event "Campeonato Individual Absoluto de Madrid"]
[Site "Madrid ESP"]
[Date "2025.05.09"]
[Round "5.9"]
[White "Martin Rodriguez, Emilio"]
[Black "Portero Rubio, Martin"]
[Result "0-1"]
[WhiteElo "1959"]
[BlackElo "2079"]
[PlyCount "104"]
[GameId "2175702177849862"]
[EventDate "2025.05.05"]
[EventType "swiss"]
[EventRounds "7"]
[SourceTitle "Ajedrez en Madrid"]
[Source "lmi"]
[SourceDate "2025.05.05"]
[SourceVersion "1"]
[SourceVersionDate "2025.05.14"]
[SourceQuality "1"]

1. d4 d5 2. Nf3 Nf6 3. e3 c5 4. c4 cxd4 5. exd4 g6 6. Nc3 Bg7 7. cxd5 Nxd5 8. h3 O-O 9. a3 b6 10. Bc4 Nxc3 11. bxc3 Qc7 12. Bd5 Bb7 13. Bxb7 Qxb7 14. O-O Nc6 15. Re1 Rac8 16. Qe2 e6 17. Bf4 Na5 18. Rec1 Nb3 19. Rab1 Nxc1 20. Rxc1 Rfd8 21. Ne5 Qd5 22. Qb2 f6 23. Nf3 Rc4 24. Nd2 Rc6 25. Be3 b5 26. Nb3 Bf8 27. Nd2 Rdc8 28. Nb1 Bd6 29. Re1 a6 30. f3 Bb8 31. Qf2 Qd6 32. f4 Qd5 33. Bd2 Rf8 34. Rf1 Rcc8 35. Qh4 Qe4 36. Re1 Qf5 37. g4 Qd3 38. Kg2 Rce8 39. Rf1 Qe4+ 40. Kg1 e5 41. fxe5 fxe5 42. Re1 Qf3 43. Bh6 Rf7 44. Nd2 Qxc3 45. Ne4 Qxd4+ 46. Kh1 Qd5 47. Kh2 Qc6 48. Bg5 Ref8 49. Bh6 Qc2+ 50. Bd2 Ba7 51. Re2 Qd3 52. Re1 Bf2 0-1

[Event "Campeonato Individual Absoluto de Madrid"]
[Site "Madrid ESP"]
[Date "2025.05.09"]
[Round "5.10"]
[White "De Vicente Guijarro, Juan"]
[Black "Alvarez Poves, Jesus"]
[Result "0-1"]
[WhiteElo "1930"]
[BlackElo "2071"]
[PlyCount "78"]
[GameId "2175697357914572"]
[EventDate "2025.05.05"]
[EventType "swiss"]
[EventRounds "7"]
[SourceTitle "Ajedrez en Madrid"]
[Source "lmi"]
[SourceDate "2025.05.05"]
[SourceVersion "1"]
[SourceVersionDate "2025.05.14"]
[SourceQuality "1"]

1. e4 c5 2. Nf3 e6 3. d4 cxd4 4. Nxd4 Nc6 5. Nc3 Qc7 6. Be2 Nf6 7. O-O Be7 8. Kh1 O-O 9. f4 d6 10. Bf3 Re8 11. g4 a6 12. g5 Nxd4 13. Qxd4 Nd7 14. Qf2 g6 15. a4 Bf8 16. Bg2 Rb8 17. Be3 b6 18. Qh4 Bg7 19. Rf3 Nf8 20. Qf2 Bd7 21. Rh3 Bc6 22. Rf1 Qb7 23. Bd4 e5 24. Be3 exf4 25. Bxf4 Rbd8 26. Nd5 Bxd5 27. exd5 Be5 28. Be3 b5 29. axb5 axb5 30. Bb6 Rb8 31. Ba5 Rbc8 32. Rb3 Rc4 33. Rf3 Re7 34. c3 Qxd5 35. Rf6 Qc5 36. Qf3 Bxf6 37. Qxf6 Qe5 38. Qf2 Ne6 39. Bd8 Nxd8 0-1

[Event "Campeonato Individual Absoluto de Madrid"]
[Site "Madrid ESP"]
[Date "2025.05.09"]
[Round "5.11"]
[White "Camarero Izquierdo, Juan Carlos"]
[Black "Perez Diez, Victor"]
[Result "0-1"]
[WhiteElo "1892"]
[BlackElo "2041"]
[PlyCount "68"]
[GameId "2175673955807440"]
[EventDate "2025.05.05"]
[EventType "swiss"]
[EventRounds "7"]
[SourceTitle "Ajedrez en Madrid"]
[Source "lmi"]
[SourceDate "2025.05.05"]
[SourceVersion "1"]
[SourceVersionDate "2025.05.14"]
[SourceQuality "1"]

1. e4 c5 2. Nf3 g6 3. Bc4 Nc6 4. O-O Bg7 5. Nc3 Nf6 6. d3 O-O 7. Be3 d6 8. h3 Na5 9. Bb3 Nxb3 10. axb3 b6 11. Qd2 Re8 12. Ng5 h6 13. Nf3 Kh7 14. e5 dxe5 15. Nxe5 Rf8 16. Ra4 Nd5 17. Nc6 Bxc3 18. bxc3 Qc7 19. Rh4 h5 20. Qe2 Qxc6 21. Rxh5+ gxh5 22. Qxh5+ Kg7 23. Qg5+ Qg6 24. Qxd5 Bxh3 25. Qe5+ Kg8 26. Qd5 Rad8 27. Qf3 Bd7 28. Re1 Bc6 29. Qh3 Rd5 30. g4 f5 31. c4 fxg4 32. Qg3 Rh5 33. f4 Rh3 34. Qf2 Rh1# 0-1

[Event "Campeonato Individual Absoluto de Madrid"]
[Site "Madrid ESP"]
[Date "2025.05.09"]
[Round "5.12"]
[White "Nunez Munoz, Jesus"]
[Black "Bocancea, Cristian Andrei"]
[Result "1/2-1/2"]
[WhiteElo "1996"]
[BlackElo "1995"]
[PlyCount "31"]
[GameId "2175667088093259"]
[EventDate "2025.05.05"]
[EventType "swiss"]
[EventRounds "7"]
[SourceTitle "Ajedrez en Madrid"]
[Source "lmi"]
[SourceDate "2025.05.05"]
[SourceVersion "1"]
[SourceVersionDate "2025.05.14"]
[SourceQuality "1"]

1. e4 c5 2. Nf3 d6 3. d4 cxd4 4. Nxd4 Nf6 5. Nc3 Nc6 6. Bg5 e6 7. Qd2 a6 8. O-O-O Bd7 9. f4 Be7 10. Nf3 b5 11. Bxf6 gxf6 12. Kb1 Qb6 13. Bd3 O-O-O 14. f5 Kb8 15. Ne2 Rc8 16. Rhf1 1/2-1/2

[Event "Campeonato Individual Absoluto de Madrid"]
[Site "Madrid ESP"]
[Date "2025.05.09"]
[Round "5.13"]
[White "Cabanas Bravo, Juan Andres"]
[Black "Lozano Argueso, Cesar"]
[Result "0-1"]
[WhiteElo "1911"]
[BlackElo "1995"]
[PlyCount "80"]
[GameId "2175688091246887"]
[EventDate "2025.05.05"]
[EventType "swiss"]
[EventRounds "7"]
[SourceTitle "Ajedrez en Madrid"]
[Source "lmi"]
[SourceDate "2025.05.05"]
[SourceVersion "1"]
[SourceVersionDate "2025.05.14"]
[SourceQuality "1"]

1. e4 g6 2. d4 Bg7 3. Nc3 a6 4. Bc4 b5 5. Bb3 Bb7 6. f3 d6 7. Be3 Nd7 8. Qd2 e6 9. Nh3 c5 10. dxc5 dxc5 11. a4 b4 12. Nd1 Qh4+ 13. Nhf2 Qe7 14. a5 Ngf6 15. Nd3 O-O 16. Bh6 Nxe4 17. fxe4 Qh4+ 18. N3f2 Qxh6 19. Qxd7 Rab8 20. Qd2 Qh5 21. Qe2 Qg5 22. O-O h5 23. c3 bxc3 24. bxc3 Rfd8 25. Ra2 Rd7 26. Bc4 Rbd8 27. Qf3 Kh7 28. Rb2 f5 29. Bxe6 fxe4 30. Qh3 Re7 31. Rb6 e3 32. Nxe3 Bxc3 33. Nc4 Bd4 34. Nd6 Rf8 35. Rbb1 Bc6 36. Bc4 Rf3 37. g3 Qd2 38. Qg2 Rxf2 39. Qxf2 Bxf2+ 40. Rxf2 Qxd6 0-1

[Event "Campeonato Individual Absoluto de Madrid"]
[Site "Madrid ESP"]
[Date "2025.05.09"]
[Round "5.14"]
[White "Lorenzo Bailador, Alfredo"]
[Black "Palomo Monserrat, Lorenzo"]
[Result "0-1"]
[WhiteElo "1968"]
[BlackElo "1993"]
[PlyCount "68"]
[GameId "2175698231337434"]
[EventDate "2025.05.05"]
[EventType "swiss"]
[EventRounds "7"]
[SourceTitle "Ajedrez en Madrid"]
[Source "lmi"]
[SourceDate "2025.05.05"]
[SourceVersion "1"]
[SourceVersionDate "2025.05.14"]
[SourceQuality "1"]

1. e4 c5 2. c3 Nf6 3. e5 Nd5 4. d4 cxd4 5. Nf3 Nc6 6. Bc4 Nb6 7. Bb3 d6 8. exd6 Qxd6 9. O-O Be6 10. Bxe6 Qxe6 11. Nxd4 Nxd4 12. Qxd4 Rd8 13. Qb4 Qc6 14. Nd2 e6 15. Qg4 h5 16. Qe2 h4 17. h3 Be7 18. Qg4 g6 19. Nf3 Rh5 20. Re1 Nc4 21. Nd4 Qd5 22. Nxe6 fxe6 23. Qxg6+ Kd7 24. Bf4 Qf5 25. Rad1+ Kc8 26. Rxd8+ Bxd8 27. Qe8 Nxb2 28. Bd6 Nd3 29. Rd1 Rh7 30. Rd2 Rd7 31. Bb4 Qe4 32. c4 Qxc4 33. a3 Qc6 34. Re2 Nf4 0-1

[Event "Campeonato Individual Absoluto de Madrid"]
[Site "Madrid ESP"]
[Date "2025.05.09"]
[Round "5.15"]
[White "Arevillca Colque, Jonatan"]
[Black "Lopez de Turiso Sanchez, Jose An"]
[Result "0-1"]
[WhiteElo "1900"]
[BlackElo "1989"]
[PlyCount "104"]
[GameId "2175693471855024"]
[EventDate "2025.05.05"]
[EventType "swiss"]
[EventRounds "7"]
[SourceTitle "Ajedrez en Madrid"]
[Source "lmi"]
[SourceDate "2025.05.05"]
[SourceVersion "1"]
[SourceVersionDate "2025.05.14"]
[SourceQuality "1"]

1. e4 c5 2. d4 cxd4 3. c3 d5 4. exd5 Qxd5 5. cxd4 Nc6 6. Nf3 e5 7. Nc3 Bb4 8. dxe5 Qxd1+ 9. Kxd1 Bg4 10. Be3 Nxe5 11. Be2 Nxf3 12. Bxf3 Bxf3+ 13. gxf3 Bxc3 14. bxc3 Ne7 15. Bc5 O-O-O+ 16. Kc2 Nc6 17. Rad1 Rxd1 18. Rxd1 Re8 19. Be3 b6 20. Rd6 Ne5 21. Rd4 Nxf3 22. Rc4+ Kb7 23. Rf4 Ne5 24. Bd4 f6 25. Rh4 h6 26. Re4 Re7 27. Bxe5 fxe5 28. Kb3 Kc6 29. Kc4 a6 30. a4 Kd6 31. Kb4 Rf7 32. Re2 Rf3 33. c4 Rf4 34. h3 Rf3 35. a5 bxa5+ 36. Kxa5 Rxh3 37. Kxa6 Rb3 38. Ka5 Rb1 39. c5+ Kxc5 40. Rxe5+ Kd6 41. Re8 Rb7 42. f4 Re7 43. Rf8 Ke6 44. f5+ Ke5 45. Kb6 h5 46. Kc6 h4 47. Rh8 Kxf5 48. Rxh4 g5 49. Rh8 g4 50. Rf8+ Kg5 51. Kd6 Re1 52. Kd5 g3 0-1

[Event "Campeonato Individual Absoluto de Madrid"]
[Site "Madrid ESP"]
[Date "2025.05.09"]
[Round "5.16"]
[White "Alvarez Abejon, Amilcar"]
[Black "Calderon Rojo, Borja"]
[Result "1/2-1/2"]
[WhiteElo "1968"]
[BlackElo "1911"]
[PlyCount "36"]
[GameId "2175685921292541"]
[EventDate "2025.05.05"]
[EventType "swiss"]
[EventRounds "7"]
[SourceTitle "Ajedrez en Madrid"]
[Source "lmi"]
[SourceDate "2025.05.05"]
[SourceVersion "1"]
[SourceVersionDate "2025.05.14"]
[SourceQuality "1"]

1. c4 b6 2. Nc3 Bb7 3. e4 e6 4. d4 Bb4 5. Bd3 f5 6. d5 fxe4 7. Bxe4 Nf6 8. Bf3 exd5 9. cxd5 Qe7+ 10. Nge2 c6 11. O-O O-O 12. Bf4 Qf7 13. Rc1 Na6 14. dxc6 dxc6 15. a3 Be7 16. Bg3 Rad8 17. Qc2 Bd6 18. Rfd1 Bxg3 1/2-1/2

[Event "Campeonato Individual Absoluto de Madrid"]
[Site "Madrid ESP"]
[Date "2025.05.09"]
[Round "5.17"]
[White "San Vicente Crespo, Pablo"]
[Black "Marquez Misel, Michael Angel"]
[Result "1/2-1/2"]
[WhiteElo "1973"]
[BlackElo "1953"]
[PlyCount "50"]
[GameId "2175689125916981"]
[EventDate "2025.05.05"]
[EventType "swiss"]
[EventRounds "7"]
[SourceTitle "Ajedrez en Madrid"]
[Source "lmi"]
[SourceDate "2025.05.05"]
[SourceVersion "1"]
[SourceVersionDate "2025.05.14"]
[SourceQuality "1"]

1. e4 c5 2. Nf3 g6 3. d4 cxd4 4. Nxd4 Bg7 5. c4 Nc6 6. Be3 Nf6 7. Nc3 O-O 8. Be2 d6 9. f3 Nxd4 10. Bxd4 Be6 11. Qd2 Nd7 12. Bxg7 Kxg7 13. h4 h5 14. g4 Nf6 15. O-O-O Rc8 16. gxh5 Nxh5 17. f4 Ng3 18. f5 Nxe2+ 19. Qxe2 Bxc4 20. Qd2 Rh8 21. Qd4+ f6 22. Rdg1 Bf7 23. Kb1 Qa5 24. h5 Rc4 25. Qd3 g5 1/2-1/2

[Event "Campeonato Individual Absoluto de Madrid"]
[Site "Madrid ESP"]
[Date "2025.05.09"]
[Round "5.18"]
[White "Escriva De Romani, Querejeta Bel"]
[Black "Cardena Contreras, Javier"]
[Result "0-1"]
[WhiteElo "1979"]
[BlackElo "1916"]
[PlyCount "68"]
[GameId "2175686299205899"]
[EventDate "2025.05.05"]
[EventType "swiss"]
[EventRounds "7"]
[SourceTitle "Ajedrez en Madrid"]
[Source "lmi"]
[SourceDate "2025.05.05"]
[SourceVersion "1"]
[SourceVersionDate "2025.05.14"]
[SourceQuality "1"]

1. e4 c5 2. Nc3 e6 3. Nf3 d5 4. exd5 exd5 5. d4 Nc6 6. Bb5 Nf6 7. O-O Be7 8. dxc5 O-O 9. Be3 Bg4 10. Bxc6 bxc6 11. Bd4 Rb8 12. Re1 Nd7 13. Na4 Bf6 14. c3 Re8 15. Qd3 Qa5 16. b3 Bxf3 17. gxf3 Qc7 18. Re3 Bg5 19. Rxe8+ Rxe8 20. Qf5 Bf4 21. Kg2 Re6 22. h3 Rg6+ 23. Kf1 Rg5 24. Qd3 f6 25. Re1 Ne5 26. Bxe5 fxe5 27. Nb2 Qd7 28. c4 Qxh3+ 29. Ke2 Rg2 30. cxd5 Rxf2+ 31. Kxf2 Qh2+ 32. Kf1 Bg3 33. Nd1 Qh1+ 34. Ke2 Qxe1# 0-1

[Event "Campeonato Individual Absoluto de Madrid"]
[Site "Madrid ESP"]
[Date "2025.05.09"]
[Round "5.19"]
[White "Pulido Gomez, Pablo"]
[Black "Arce Balluerca, Oscar"]
[Result "1/2-1/2"]
[WhiteElo "1936"]
[BlackElo "1814"]
[PlyCount "74"]
[GameId "2175698956554730"]
[EventDate "2025.05.05"]
[EventType "swiss"]
[EventRounds "7"]
[SourceTitle "Ajedrez en Madrid"]
[Source "lmi"]
[SourceDate "2025.05.05"]
[SourceVersion "1"]
[SourceVersionDate "2025.05.14"]
[SourceQuality "1"]

1. e4 Nf6 2. e5 Nd5 3. d4 d6 4. c4 Nb6 5. exd6 cxd6 6. Nc3 g6 7. h3 Bg7 8. Nf3 O-O 9. Be2 Nc6 10. O-O Bf5 11. d5 Na5 12. Nd4 Naxc4 13. a4 Rc8 14. Nxf5 gxf5 15. a5 Nd7 16. Bxc4 Rxc4 17. Qd3 Qc8 18. Qxf5 Nc5 19. Qh5 Nb3 20. Ra3 Nxc1 21. Rxc1 Qc5 22. Re1 Qb4 23. Ra4 Qb3 24. Rxc4 Qxc4 25. Rxe7 b6 26. axb6 axb6 27. Ne4 Qc1+ 28. Kh2 Qxb2 29. Qf5 Be5+ 30. g3 h6 31. Qg4+ Kh8 32. Qh5 Kg7 33. Qg4+ Kh8 34. Kg2 Qd4 35. Qh4 Kg7 36. Qg4+ Kh8 37. Qh4 Kg7 1/2-1/2

[Event "Campeonato Individual Absoluto de Madrid"]
[Site "Madrid ESP"]
[Date "2025.05.09"]
[Round "5.20"]
[White "Lorenzo Martin, Hector"]
[Black "Perdiguero Herreros, Alejandro"]
[Result "1-0"]
[WhiteElo "1906"]
[BlackElo "1962"]
[PlyCount "111"]
[GameId "2175667529117801"]
[EventDate "2025.05.05"]
[EventType "swiss"]
[EventRounds "7"]
[SourceTitle "Ajedrez en Madrid"]
[Source "lmi"]
[SourceDate "2025.05.05"]
[SourceVersion "1"]
[SourceVersionDate "2025.05.14"]
[SourceQuality "1"]

1. c4 e5 2. Nc3 Nc6 3. g3 g6 4. Bg2 Bg7 5. d3 f5 6. Qd2 d6 7. b3 Nf6 8. Bb2 O-O 9. e3 Be6 10. Nge2 d5 11. cxd5 Nxd5 12. O-O Nce7 13. d4 Nxc3 14. Bxc3 Bd5 15. dxe5 Bxg2 16. Qxd8 Rfxd8 17. Kxg2 Rd3 18. Rac1 Nc6 19. Nf4 Rdd8 20. Ne6 Rdc8 21. f4 Bh8 22. Rfd1 Nd8 23. Nxd8 Rxd8 24. Rxd8+ Rxd8 25. Bd4 c6 26. Kf2 Kf7 27. Ke2 Ke6 28. Rc2 a6 29. Bc5 Rd5 30. Bd6 Bf6 31. Rc4 Bd8 32. Rb4 b5 33. Rd4 c5 34. Bxc5 Rxc5 35. Rxd8 Ke7 36. Rd2 b4 37. e4 a5 38. exf5 gxf5 39. Kd1 h5 40. Ke2 Rc3 41. Kf2 h4 42. Kg2 hxg3 43. hxg3 a4 44. bxa4 Ra3 45. Kh3 Rxa4 46. Kh4 Ra3 47. Kg5 Rxg3+ 48. Kxf5 Ra3 49. Rh2 Ke8 50. Rh8+ Ke7 51. Rb8 Rxa2 52. Rxb4 Ke8 53. Rb7 Ra6 54. e6 Rd6 55. Kf6 Rd8 56. Rh7 1-0

[Event "Campeonato Individual Absoluto de Madrid"]
[Site "Madrid ESP"]
[Date "2025.05.12"]
[Round "6.1"]
[White "Martinez Fernandez, Raul"]
[Black "Rodriguez Avila, Alvaro"]
[Result "0-1"]
[WhiteElo "2158"]
[BlackElo "2204"]
[PlyCount "118"]
[GameId "2176797210538094"]
[EventDate "2025.05.05"]
[EventType "swiss"]
[EventRounds "7"]
[SourceTitle "Ajedrez en Madrid"]
[Source "lmi"]
[SourceDate "2025.05.05"]
[SourceVersion "1"]
[SourceVersionDate "2025.05.14"]
[SourceQuality "1"]

1. e4 c5 2. Nf3 d6 3. d4 cxd4 4. Nxd4 Nf6 5. Nc3 Nc6 6. Bg5 e6 7. Qd2 a6 8. O-O-O Bd7 9. f4 b5 10. Bxf6 gxf6 11. Nxc6 Bxc6 12. Kb1 Qb6 13. f5 b4 14. Ne2 e5 15. Ng3 h5 16. h4 Qc5 17. Bd3 Bh6 18. Qe2 Qe3 19. Rh3 Qxe2 20. Bxe2 Ke7 21. Bf3 Be3 22. Nxh5 Rad8 23. g4 a5 24. Re1 Bd2 25. Rd1 Be3 26. Rd3 Bd4 27. Nf4 Rh6 28. Ne2 Bf2 29. h5 Rc8 30. Rh2 Bb6 31. c4 Bb7 32. b3 a4 33. Nc1 axb3 34. axb3 Rhh8 35. Ra2 Ra8 36. Rdd2 Bd4 37. Nd3 Bc3 38. Rh2 Ba6 39. Kc1 Bxc4 40. Nxb4 Bxb3 41. Nd5+ Bxd5 42. exd5 Bb4 43. Rxa8 Rxa8 44. h6 Rh8 45. Kc2 Be1 46. Rh3 Kf8 47. g5 fxg5 48. Rh5 f6 49. Rh1 Bh4 50. Bh5 Rxh6 51. Bg6 Rh8 52. Ra1 Kg7 53. Ra7+ Kh6 54. Kd3 g4 55. Ke4 Bf2 56. Ra2 g3 57. Kf3 Rc8 58. Re2 Rc3+ 59. Kg2 Kg5 0-1

[Event "Campeonato Individual Absoluto de Madrid"]
[Site "Madrid ESP"]
[Date "2025.05.12"]
[Round "6.2"]
[White "Lianes Garcia, Marcos"]
[Black "Rubio Mejia, Luis Ignacio"]
[Result "1/2-1/2"]
[WhiteElo "2383"]
[BlackElo "2355"]
[PlyCount "71"]
[GameId "2176799080599676"]
[EventDate "2025.05.05"]
[EventType "swiss"]
[EventRounds "7"]
[SourceTitle "Ajedrez en Madrid"]
[Source "lmi"]
[SourceDate "2025.05.05"]
[SourceVersion "1"]
[SourceVersionDate "2025.05.14"]
[SourceQuality "1"]

1. e4 c5 2. Nf3 d6 3. d4 cxd4 4. Nxd4 Nf6 5. Nc3 Nc6 6. Bg5 e6 7. Qd2 a6 8. O-O-O Be7 9. f3 Nxd4 10. Qxd4 b5 11. h4 Bb7 12. Kb1 Rc8 13. Bd3 Qc7 14. h5 h6 15. Bd2 O-O 16. Ne2 Nd7 17. Bc3 Bf6 18. Qe3 Bxc3 19. Nxc3 Qc5 20. Qxc5 Nxc5 21. a3 Rfd8 22. Be2 Kf8 23. Rd2 Ke7 24. Rhd1 e5 25. Bf1 Rc7 26. Re1 Nd7 27. a4 b4 28. Nd1 Nf6 29. Ne3 Bc8 30. Red1 Rc5 31. g4 a5 32. Bc4 Nh7 33. Nd5+ Kf8 34. Ne3 Ke7 35. Nd5+ Kf8 36. Ne3 1/2-1/2

[Event "Campeonato Individual Absoluto de Madrid"]
[Site "Madrid ESP"]
[Date "2025.05.12"]
[Round "6.3"]
[White "Grabuzova, Tatiana"]
[Black "Moreno Ruiz, Javier"]
[Result "0-1"]
[WhiteElo "2199"]
[BlackElo "2379"]
[PlyCount "76"]
[GameId "2176782200287507"]
[EventDate "2025.05.05"]
[EventType "swiss"]
[EventRounds "7"]
[SourceTitle "Ajedrez en Madrid"]
[Source "lmi"]
[SourceDate "2025.05.05"]
[SourceVersion "1"]
[SourceVersionDate "2025.05.14"]
[SourceQuality "1"]

1. d4 Nf6 2. c4 c5 3. d5 e6 4. Nc3 exd5 5. cxd5 d6 6. e4 g6 7. f4 Bg7 8. Bb5+ Nbd7 9. e5 dxe5 10. fxe5 Nh5 11. e6 Qh4+ 12. g3 Nxg3 13. hxg3 Qxh1 14. Be3 Bxc3+ 15. bxc3 a6 16. exd7+ Bxd7 17. Bxd7+ Kxd7 18. Qb3 b5 19. O-O-O Rhe8 20. Bxc5 Qg2 21. d6 Re6 22. Nh3 Qxh3 23. Qd5 Rb8 24. Ba7 Qh6+ 25. Kb1 Qf8 26. g4 h6 27. Rf1 f6 28. Bxb8 Qxb8 29. g5 Qxd6 30. Qb7+ Ke8 31. Qc8+ Kf7 32. gxh6 Qd3+ 33. Kb2 Qxf1 34. Qd7+ Re7 35. Qd5+ Kf8 36. Qd8+ Re8 37. Qd6+ Kg8 38. Qd5+ Kh8 0-1

[Event "Campeonato Individual Absoluto de Madrid"]
[Site "Madrid ESP"]
[Date "2025.05.12"]
[Round "6.4"]
[White "Martin Duque, Jesus"]
[Black "Lopez Del Alamo, Antonio"]
[Result "1-0"]
[WhiteElo "2344"]
[BlackElo "2145"]
[PlyCount "56"]
[GameId "2176764966482051"]
[EventDate "2025.05.05"]
[EventType "swiss"]
[EventRounds "7"]
[SourceTitle "Ajedrez en Madrid"]
[Source "lmi"]
[SourceDate "2025.05.05"]
[SourceVersion "1"]
[SourceVersionDate "2025.05.14"]
[SourceQuality "1"]

1. d4 Nf6 2. c4 e6 3. Nc3 c5 4. d5 exd5 5. cxd5 d6 6. e4 g6 7. f4 Bg7 8. Bb5+ Nfd7 9. a4 O-O 10. Nf3 Na6 11. O-O Nb4 12. Kh1 a6 13. Be2 Re8 14. Bd2 Nf6 15. e5 Nfxd5 16. Ne4 dxe5 17. fxe5 b6 18. Nd6 Rf8 19. Ng5 Be6 20. Bc4 Bxe5 21. Ngxf7 Bxf7 22. Rxf7 Rxf7 23. Nxf7 Kxf7 24. Bxb4 Kg7 25. Bxd5 Qh4 26. g3 Bxg3 27. Bc3+ Kh6 28. Qd2+ Bf4 1-0

[Event "Campeonato Individual Absoluto de Madrid"]
[Site "Madrid ESP"]
[Date "2025.05.12"]
[Round "6.5"]
[White "Torres Rebolledo, Alvaro"]
[Black "Roquero Redondo, Miguel"]
[Result "0-1"]
[WhiteElo "2336"]
[BlackElo "2063"]
[PlyCount "62"]
[GameId "2176783223230753"]
[EventDate "2025.05.05"]
[EventType "swiss"]
[EventRounds "7"]
[SourceTitle "Ajedrez en Madrid"]
[Source "lmi"]
[SourceDate "2025.05.05"]
[SourceVersion "1"]
[SourceVersionDate "2025.05.14"]
[SourceQuality "1"]

1. e4 c5 2. Nf3 d6 3. d4 cxd4 4. Nxd4 Nf6 5. Nc3 Nc6 6. Bg5 Bd7 7. Nxc6 Bxc6 8. Bxf6 gxf6 9. Bb5 Bxb5 10. Nxb5 Qb6 11. Qd3 a6 12. Nc3 e6 13. f4 Rg8 14. Qd2 Qxb2 15. Rb1 Qa3 16. O-O Rc8 17. Rf3 Qc5+ 18. Kh1 b5 19. a3 f5 20. Rd3 Be7 21. exf5 Qxf5 22. a4 Rc4 23. Rf1 b4 24. Nd1 d5 25. h3 Bc5 26. Rff3 Qe4 27. Nf2 Qf5 28. Ng4 Rxg4 29. hxg4 Qxg4 30. f5 Rxc2 31. Rg3 Rxd2 0-1